Biblia Hebraica Stuttgartensia
Gespeichert in:
| Hauptverfasser: | , |
|---|---|
| Format: | Buch |
| Sprache: | Hebräisch Deutsch Englisch Latein Spanisch |
| Veröffentlicht: |
Stuttgart
Deutsche Bibelgesellschaft
1983
|
| Ausgabe: | 2a. ed |
| Schlagworte: | |
| Tags: |
Tag hinzufügen
Keine Tags, Fügen Sie den ersten Tag hinzu!
|
MARC
| LEADER | 00000nam a2200000 a 4500 | ||
|---|---|---|---|
| 001 | UCG6265 | ||
| 003 | CL-VaPUC | ||
| 008 | 110414e19830000GW |||||||||||||||||heb|d | ||
| 020 | |a 3438052199 | ||
| 041 | 0 | 7 | |a heb |2 CL-VaPUC |
| 041 | 0 | 7 | |a ger |2 CL-VaPUC |
| 041 | 0 | 7 | |a eng |2 CL-VaPUC |
| 041 | 0 | 7 | |a lat |2 CL-VaPUC |
| 041 | 0 | 7 | |a spa |2 CL-VaPUC |
| 082 | 0 | 4 | |a 221 |b ELL |2 21 |
| 100 | 0 | |a Elliger, K |e author |9 556344 | |
| 700 | 0 | |a Rudolph, W |e author |9 556345 | |
| 245 | 1 | 0 | |a Biblia Hebraica Stuttgartensia |
| 250 | |a 2a. ed | ||
| 300 | |a 1574 p | ||
| 942 | |c BK | ||
| 945 | |d 20110414 00:00:00 |a dcastane | ||
| 260 | |a Stuttgart |b Deutsche Bibelgesellschaft |c 1983 | ||
| 650 | 0 | |a Biblia |9 257603 | |
| 650 | 0 | |a Antiguo testamento |9 313678 | |
| 650 | 0 | |a Hebreo |9 391464 | |
| 583 | |a last modification |c 20110414 00:00:00 |k Rodrigo Vera | ||
| 999 | |c 344539 |d 344537 | ||
| 952 | |0 0 |1 0 |4 0 |6 221_000000000000000_ELL_1983 |7 0 |8 A |9 442563 |a BIBTEO |b BIBTEO |d 2019-11-22 |i 4764412 |l 3 |m 1 |o 221 ELL 1983 |p 4764412 |r 2025-01-17 |s 2023-08-07 |w 2019-11-22 |y BK |k ICR | ||